Italy Footballers 100 or International Caps - Sudden Death - Statistics

General Stats
  • This quiz has been taken 141 times
  • The average score is 4 of 8
Answers on the Grid
Answers color-coded by a green-red scale on the quiz's grid according to % correct below.
Alessandro Del Piero
Alessandro Nesta
Andrea Barzagli
Andrea Pirlo
Christian Vieri
Ciro Immobile
Daniele De Rossi
Demetrio Albertini
Dino Zoff
Fabio Cannavaro
Filippo Inzaghi
Francesco Totti
Franco Baresi
Gaetano Scirea
Gennaro Gattuso
Giacinto Facchetti
Giancarlo Antognoni
Gianluca Vialli
Gianluca Zambrotta
Gianluigi Buffon
Gianluigi Donnarumma
Gianni Rivera
Giorgio Chiellini
Giuseppe Bergomi
Jorginho
Leonardo Bonucci
Marco Tardelli
Nicolò Barella
Paolo Maldini
Riccardo Montolivo
Roberto Baggio
Roberto Donadoni
 
Answer Stats
Answer % Correct
Andrea Pirlo
63%
Gianluigi Buffon
59%
Paolo Maldini
48%
Fabio Cannavaro
47%
Daniele De Rossi
42%
Giorgio Chiellini
35%
Dino Zoff
32%
Leonardo Bonucci
27%
No matching quizzes found
Score Distribution
Percent of People with Each Score
Percentile by Number Answered
Your Score History
You have not taken this quiz